000 00803nam a2200241 a 4500
001 BRCA_3914
005 20190320204455.0
008 100110s1950----mx-a######---#000-0#spa-#
041 _aspa
044 _amx
050 4 _aCJ1904
_b.P73 1950
100 1 _aPradeau, Alberto Francisco.
_910172
245 1 0 _aHistoria numismática de México
_bdesde la época precortesiana hasta 1823
_cAlberto Francisco Pradeau ; tr., corregido y aumentado por Román Beltran Martínez.
260 _aMéxico
_bBanco de México, S.A de C.V.
_c1950
300 _a223 p.
_bil., 23 láminas
_c28 cm.
500 _aC63
504 _aBibliografía: p. 215-233.
650 1 4 _aNumismática
_9914
650 1 4 _aMonedas mexicanas
_910077
700 1 _aBeltrán Martínez Román
_etr.
_910173
902 _aGFM
942 _2lcc
_cB
999 _c3641
_d3641